000 00448nam a2200157 i 4500
001 70880
003 ES-MaACL
005 20230906170943.0
007 t|
008 040803s1924 fr ||||1| fre d
100 1 _aGarriguet, L.
_955775
245 1 0 _aManuel de sociologie et d'économie sociale /
_cpar L. Garriguet.
260 _aParís :
_bBloud,
_c1924 (
_eSaint Amand :
_fBussière)
300 _a662 p. ;
_c23 cm.
852 _aES-MaACL
_jF-3272
999 _c70880
_d70880